San Paolo e la Famiglia Paolina (Record n. 98503)

Dettagli MARC
000 -LEADER
fixed length control field 01122nam a22001817a 4500
003 - CONTROL NUMBER IDENTIFIER
control field IT-RoPau
005 - DATE AND TIME OF LATEST TRANSACTION
control field 20220918181105.0
008 - FIXED-LENGTH DATA ELEMENTS--GENERAL INFORMATION
fixed length control field 130508b xxu||||| |||| 00| 0 eng d
040 ## - CATALOGING SOURCE
Transcribing agency IT-RoPau
100 ## - MAIN ENTRY--PERSONAL NAME
Personal name Centro di Spiritualità Paolina
9 (RLIN) 518
245 ## - TITLE STATEMENT
Title San Paolo e la Famiglia Paolina
Remainder of title nello spirito di don Giacomo Alberione
250 ## - EDITION STATEMENT
Edition statement 1° ed
260 ## - PUBLICATION, DISTRIBUTION, ETC. (IMPRINT)
Place of publication, distribution, etc. Ariccia (Roma)
Name of publisher, distributor, etc. Centro Spirituale Paolina - Casa Divino Maestro
Date of publication, distribution, etc. 1973
300 ## - PHYSICAL DESCRIPTION
Extent 98 pp.
Dimensions 28 cm
490 ## - SERIES STATEMENT
Volume/sequential designation II° Vol - Settembre 1973
Series statement Punti di riferimento della nostra vita spirituale
520 ## - SUMMARY, ETC.
Summary, etc. Indice<br/><br/>Introduzione - Paolini consapevolmente<br/>- Fonti e Sigle<br/>Capitolo primo: - Lo spirito paolino<br/>secondo: - La scelta<br/>terzo: - Conoscenza dell'Apostolo Paolo<br/>quarto: - San Paolo, oggi, nella Famiglia Paolina<br/>quinto: - I nostri impegni con San Paolo: 1° conoscerlo<br/>sesto: - I nostri impegni con San Paolo: 2° imitarlo<br/>settimo: - I nostri impegni con San Paolo: 3° pregarlo<br/>ottavo: - Dialogo confidenziale su san Paolo e lo spirito paolino<br/>nono: - Appuntamenti paolini nell' epistolario di Don Alberione<br/>Conclusione
942 ## - ADDED ENTRY ELEMENTS (KOHA)
Source of classification or shelving scheme Dewey Decimal Classification
Koha item type LIBRO
Dati di copia
Withdrawn status Lost status Source of classification or shelving scheme Damaged status Not for loan Home library Current library Date acquired Total Checkouts Full call number Date last seen Price effective from Koha item type
    Dewey Decimal Classification Buone Condizioni Not For Loan PAULUS-BIBLIOTECA PAULUS-BIBLIOTECA 08/05/2013   P C6 08/05/2013 08/05/2013 LIBRO
CREDITS: SOCIETA' SAN PAOLO Via A.Severo, 58 - ROMA (RM) & PERIODICI SAN PAOLO SRL Via Giotto, 36 MILANO & CISF Via Giotto, 36 MILANO & EDIZIONI SAN PAOLO SRL,  Piazza Soncino, 5 CINISELLO BALSAMO (MI) -- ITALY